Vista normal Vista MARC

Entrada Materia (personas)

Número de registros utilizados en: 1

001 - CONTROL NUMBER

  • control field: 32297

003 - CONTROL NUMBER IDENTIFIER

  • control field: Co-BoUCM

005 - DATE AND TIME OF LATEST TRANSACTION

  • control field: 20130311153954.0

008 - FIXED-LENGTH DATA ELEMENTS

  • fixed length control field: 130311|| aca||aabn | a|a d

040 ## - CATALOGING SOURCE

  • Original cataloging agency: Co-BoUCM
  • Transcribing agency: Co-BoUCM

100 ## - HEADING--PERSONAL NAME

  • Personal name: Rich, Paul B.
  • Dates associated with a name: 1950-
  • Relator term: editor

670 ## - SOURCE DATA FOUND

  • Source citation: Work cat.: (Co-BoUCM)40498: The Routledge handbook of insurgency and counterinsurgency, 2012